000 00723nam a2200253 4500
001 29874
003 BD-RjUL
005 20211209051456.0
008 140408s1969 enk b 001 0beng
020 _a0041310217
035 _a(BD-RjUL)29959
040 _aDLC
_cDLC
_dDLC
_dBD-RjUL
_beng
041 _aeng
082 0 0 _a150.1952
_bSTP 1969
100 1 _aStewart, Walter A.
_990892
245 1 0 _aPsychoanalysis :
_bthe first ten years, 1888-1898 /
_cby Walter A. Stewart.
260 _aLondon :
_bAllen & Unwin,
_c1969.
300 _a[9], 225 p. ;
_c22 cm.
350 _a40/-
600 1 0 _aFreud, Sigmund,
_d1856-1939.
_9131465
650 0 _aPsychoanalysis.
_990894
942 _2ddc
_cBK
999 _c29874
_d29874